Дело о представлении в Государственный совет смет о доходах и расходах по ведомству Министерства народного просвещения на 1868 г...

Доступно только в Электронных читальных залах Найти на картеНа карте
RUSMARC
00003634nmc2a22002413x 450
0012f5b414d-9f00-4b18-b060-ba49a730c6f5
00520230424150453.0
100##$a20221107l18671871k l0rusy0189 ca
1010#$arus
102##$aRU
105##$ay###
1222#$ad
2001#$aДело о представлении в Государственный совет смет о доходах и расходах по ведомству Министерства народного просвещения на 1868 год
$j31 марта 1867 г. - 29 апреля 1871 г.
215##$a712 л.
$d36,5х26 см
251##$cДело
300##$aДело
371##$aДокумент не является опубликованным и широко распространяемым
461#0$1001a74412a3-3cc5-4d21-8f0a-dfe2fbd9e72d
$12001
$aДепартамент народного просвещения Министерства народного просвещения (1803-1917)
$1251
$cФонд
$1852
$j733
462#0$100168ef73bb-909a-4bc7-ae4f-3def6f15d095
$12001
$aСчетный разряд. Сметный стол
$1251
$cОпись
$1852
$j214
801#0$aRU
$bРГИА
$c20221107
$gRCR
801#1$aRU
$bГлавНИВЦ
$c20221107
$2rusmarc
801#2$aRU
$bПБ им. Б.Н. Ельцина
$c20230424
$gRCR
$2rusmarc
850##$aРГИА
852##$aРГИА
$eФедеральное казенное учреждение "Российский государственный исторический архив" (РГИА)
$j18
937##$hРГИА
$d12393936
$aASBIBLIO_SCAN
035##$aRusGRCC00055810
856##$uhttp://readingroom.main.prlib.ru/item.aspx?id_node=n184840357&mode=full
Формат отображения